Academic centres for the promotion of Indian music/ (Record no. 33599)

MARC details
000 -LEADER
fixed length control field 00866nam a22002415a 4500
005 - DATE AND TIME OF LATEST TRANSACTION
control field 20080522115808.0
008 - FIXED-LENGTH DATA ELEMENTS--GENERAL INFORMATION
fixed length control field 080520s2008 nyu 000 0 eng
010 ## - LCCN (DPL NO)
LC control number ENG-95824
020 ## - INTERNATIONAL STANDARD BOOK NUMBER
International Standard Book Number 9788174533418
Terms of availability 700.00
035 ## - SYSTEM CONTROL NUMBER
System control number EN-79357
037 ## - SOURCE OF ACQUISITION
Source of stock number/acquisition DBAD/PUB
040 ## - CATALOGING SOURCE
Original cataloging agency DPL
082 ## - DEWEY DECIMAL CLASSIFICATION NUMBER
Classification number 780.711954
100 ## - MAIN ENTRY--PERSONAL NAME
Personal name Sharma, Lovely
245 ## - TITLE STATEMENT
Title Academic centres for the promotion of Indian music/
Statement of responsibility, etc by Lovely Sharma
250 ## - EDITION STATEMENT
Edition statement .
260 ## - PUBLICATION, DISTRIBUTION, ETC. (IMPRINT)
Place of publication, distribution, etc New Delhi
Name of publisher, distributor, etc Sanjay Prakashan
Date of publication, distribution, etc 2009
270 ## - ADDRESS
Address 4378/4 D, 209 JMD Housea, Ansari Road
City New Delhi
Postal code 110002
300 ## - PHYSICAL DESCRIPTION
Extent xi, 334p.
Dimensions 22cm, (Hb)
942 ## - ADDED ENTRY ELEMENTS (KOHA)
Source of classification or shelving scheme Dewey Decimal Classification
Item type English Books
Call number suffix SHA
Classification part 780.711954
Holdings
Withdrawn status Lost status Source of classification or shelving scheme Damaged status Not for loan Collection code Home library Current library Date acquired Source of acquisition Cost, normal purchase price Total Checkouts Full call number Barcode Date last seen Copy number Cost, replacement price Koha item type
    Dewey Decimal Classification   Not For Loan Non-fiction D.B.Act.Division D.B.Act.Division 11/01/2010 DBAD/PUB 700.00   780.711954 SHA EN-79357 11/01/2010 1 700.00 English Books

© Delhi Public Library
Hit Counter
free hit counter